
Library Catalogue

| 000 -LEADER | |
|---|---|
| fixed length control field | 00517nam a2200157Ia 4500 |
| 008 - FIXED-LENGTH DATA ELEMENTS--GENERAL INFORMATION | |
| fixed length control field | 160316s1992 xxu||||| |||| 00| 0 eng d |
| 082 ## - DEWEY DECIMAL CLASSIFICATION NUMBER | |
| Classification number | 610.000000 |
| Item number | LIN |
| 100 ## - MAIN ENTRY--PERSONAL NAME | |
| Personal name | lindsten Jan |
| 245 ## - TITLE STATEMENT | |
| Title | Physiology or medicine 1971 - 1980 |
| 250 ## - EDITION STATEMENT | |
| Edition statement | |
| 260 ## - PUBLICATION, DISTRIBUTION, ETC. | |
| Place of publication, distribution, etc. | London |
| Name of publisher, distributor, etc. | World Scientific |
| Date of publication, distribution, etc. | 1992 |
| 300 ## - PHYSICAL DESCRIPTION | |
| Extent | 660p |
| Other physical details | |
| Dimensions | vii |
| 365 ## - TRADE PRICE | |
| Price amount | Rs. 3,047 |
| 650 ## - SUBJECT ADDED ENTRY--TOPICAL TERM | |
| Topical term or geographic name entry element | 1. Medicine - Physiology<br/>2. Nobel Prizes - Medical Scientists - Biography<br/>3. Physiologists - Medicine - Biography<br/>4. Physiology - Nobel Prize |
| 700 ## - ADDED ENTRY--PERSONAL NAME | |
| Personal name | |
| -- | |
| Withdrawn status | Lost status | Damaged status | Not for loan | Home library | Current library | Shelving location | Date acquired | Cost, normal purchase price | Total Checkouts | Full call number | Barcode | Date last seen | Price effective from | Koha item type |
|---|---|---|---|---|---|---|---|---|---|---|---|---|---|---|
| NLS | NLS | NAB Compactor | 30/05/2017 | 3047.00 | 610 LIN | 28721 | 30/05/2017 | 30/05/2017 | BOOKs |